| 000 | 00416nam a22001697a 4500 | ||
|---|---|---|---|
| 005 | 20180806120418.0 | ||
| 008 | 160625b xxu||||| |||| 00| 0 eng d | ||
| 020 | _a978-81-315-0534-2 | ||
| 041 | _aeng | ||
| 082 |
_b9937 _a658.3 |
||
| 100 |
_aWerner and Desimore _92709 |
||
| 245 | _aHuman Resource Development | ||
| 260 |
_bCengage Leaning _aAndover |
||
| 300 | _a484p, | ||
| 650 |
_aManagement _9241 |
||
| 942 | _cBK | ||
| 999 |
_c3899 _d3898 |
||